| 000 | 00662nam a22002177a 4500 | ||
|---|---|---|---|
| 003 | BUBTL | ||
| 008 | 220425b ||||| |||| 00| 0 eng d | ||
| 020 | _a9844641624 | ||
| 082 | _a347/ Ak55l/ 2019 | ||
| 100 |
_94138 _aAkkas, Sarkar Ali |
||
| 245 |
_aLaw of Criminal Procedure / _cSarkar Ali Akkas |
||
| 250 | _a5th Edn. | ||
| 260 |
_aDhaka: _bInitiative for Research and Access to Justice, _cc2019 |
||
| 300 |
_axvi, 328 p.: _c28 cm. |
||
| 500 | _aIncludes Index | ||
| 505 | _aLaw of Criminal Procedure, Sarkar Ali Akkas, Law | ||
| 650 | 0 |
_926 _aLaw |
|
| 856 |
_k0 _l0 _yDownload |
||
| 942 |
_2ddc _cBK |
||
| 999 |
_c6691 _d6691 |
||